| 000 | 01033njm a22002777a 4500 | ||
|---|---|---|---|
| 005 | 20100913150859.0 | ||
| 006 | a|||||r|||||00| 0 | ||
| 007 | sd ammalaaahaa | ||
| 008 | 100910t xxu||||| |||| 00| 0 eng d | ||
| 028 |
_aEMOE.10000 _bOdeon |
||
| 035 | _aGR-02195 | ||
| 040 |
_aSED _cSED |
||
| 100 |
_aMohd. Rafi _919365 |
||
| 245 |
_aBhangra / _csung by Mohd. Rafi; Music by Hansraj Bahi _h[sound recording] : |
||
| 246 | _aभंगरा / | ||
| 260 |
_aDum Dum, India _bOdeon _c1971 |
||
| 300 |
_a1 sound disc [Gramophone Recording] : _banalog, 33 1/3 rpm ; _c7.5 in. (SP) _fGramaphone Records |
||
| 500 | _aBrief records | ||
| 500 | _aRecord Lables : Odeon, Black | ||
| 505 | _aSide-2 गोरा रंग न हो जाये कला (Gora Rang na Ho Jaye Kala ) (Mohd. Rafi) | ||
| 600 |
_aMohd. Rafi _919611 |
||
| 650 |
_2Excerpts. _aClassical Music _bIndia _919366 |
||
| 700 |
_a Bahl, Hansraj _919792 |
||
| 942 |
_2ddc _cGR |
||
| 999 |
_c45467 _d45467 |
||